Polscy Raperzy - Statystyki

Ogólne statystyki
  • Ten quiz został rozwiązany 314 razy
  • Średni wynik to 5 z 12
Statystyki odpowiedzi
Hint Odpowiedź % Poprawnych
M Mata
94%
B Bedoes
65%
W White2115
62%
B Białas
53%
J R Jan Rapowanie
47%
C Chivas
37%
L Lanek
33%
F Fukaj
28%
S Sobel
27%
B Blacha
26%
N Nypel
19%
Z Zimmer
6%
Nie znaleziono quizów pasujących do podanych kryteriów
Rozkład punktacji
Procent ludzi z każdym wynikiem
Percentyl według liczby udzielonych odpowiedzi
Twoja historia wyników
Nie rozwiązałeś tego quizu